[Event "Grand Prix Finals A"]
[Site "Winnipeg CAN"]
[Date "2006.12.12"]
[Round "6"]
[White "Babb, Jeff"]
[Black "Khedkar, Jay"]
[Result "1/2-1/2"]
[WhiteElo "2140"]
[BlackElo "1844"]
[PlyCount "81"]
[EventDate "2006.11.07"]
[EventType "tourn"]
[EventRounds "6"]
[EventCountry "CAN"]

1. Nf3 d5 2. c4 e6 3. g3 Nf6 4. b3 b6 5. Bg2 Bb7 6. Bb2 dxc4 7. bxc4 Nbd7 8.
O-O Be7 9. d3 O-O 10. Nbd2 c5 11. e4 Qc7 12. Qe2 Rad8 13. Bh3 h6 14. a4 Nh7 15.
a5 Ng5 16. Bg2 Bf6 17. Bxf6 Nxf3+ 18. Nxf3 Nxf6 19. axb6 axb6 20. Rfb1 Ra8 21.
Qb2 Nd7 22. Ne1 Qe5 23. Rxa8 Rxa8 24. Qxe5 Nxe5 25. f4 Nd7 26. Rb2 Kf8 27. Kf2
Ke7 28. Ke3 Kd8 29. Nf3 Kc7 30. Bh3 Ra3 31. Nd2 Nb8 32. Nb1 Ra1 33. Nc3 Bc6 34.
Bg2 Na6 35. Ra2 Nb4 36. Rxa1 Nc2+ 37. Kd2 Nxa1 38. Ne2 Nb3+ 39. Kc3 Na5 40. Bh3
Nb7 41. Ng1 1/2-1/2

[Event "Grand Prix Finals A"]
[Site "Winnipeg CAN"]
[Date "2006.12.12"]
[Round "6"]
[White "Lauritson, Jim"]
[Black "Repa, Jason"]
[Result "1/2-1/2"]
[WhiteElo "1802"]
[BlackElo "1979"]
[PlyCount "87"]
[EventDate "2006.11.07"]
[EventType "tourn"]
[EventRounds "6"]
[EventCountry "CAN"]

1. d4 e6 2. c4 f5 3. Nc3 Bb4 4. e3 Bxc3+ 5. bxc3 Nf6 6. Bd3 b6 7. Ne2 O-O 8.
O-O d6 9. f3 Qe8 10. Ng3 Nbd7 11. e4 fxe4 12. fxe4 e5 13. Bd2 Bb7 14. Qe2 Qg6
15. Nf5 Rae8 16. Rf3 exd4 17. Rg3 Qxf5 18. exf5 Rxe2 19. Bxe2 Ne4 20. Rd3 Ne5
21. Rxd4 c5 22. Rxe4 Bxe4 23. g4 Bf3 24. Re1 Kf7 25. Bf4 Re8 26. Bxe5 Rxe5 27.
Kf2 Bxe2 28. Rxe2 Rxe2+ 29. Kxe2 Kf6 30. Ke3 Ke5 31. a3 h5 32. h3 hxg4 33. hxg4
a6 34. a4 a5 35. Kf3 d5 36. cxd5 Kxd5 37. Ke3 c4 38. g5 Ke5 39. f6 gxf6 40.
gxf6 Kxf6 41. Kd4 Ke6 42. Kxc4 Kd6 43. Kb5 Kc7 44. c4 1/2-1/2

[Event "Grand Prix Finals B"]
[Site "Winnipeg CAN"]
[Date "2006.11.07"]
[Round "1"]
[White "Greenberg, Harley"]
[Black "Cleto, Sam"]
[Result "0-1"]
[WhiteElo "1772"]
[BlackElo "1846"]
[PlyCount "81"]
[EventDate "2006.11.07"]
[EventType "tourn"]
[EventRounds "6"]
[EventCountry "CAN"]

1. d4 Nf6 2. c4 e6 3. Nf3 Bb4+ 4. Bd2 Be7 5. Nc3 h6 6. e4 d6 7. e5 Nfd7 8. Qc2
Nc6 9. Rd1 dxe5 10. dxe5 O-O 11. Be2 Nb4 12. Qb1 c6 13. Ne4 Qb6 14. a3 Na6 15.
O-O Qc7 16. Bc3 Nac5 17. b4 Nxe4 18. Qxe4 Re8 19. h4 Nf8 20. Nh2 c5 21. Ng4 Qc6
22. Qxc6 bxc6 23. Bf3 Bb7 24. b5 Rac8 25. g3 Rc7 26. Be4 cxb5 27. Ba5 Bxe4 28.
Bxc7 Bf3 29. Rd3 Bxg4 30. cxb5 Be2 31. Rfd1 Bxd1 32. Rxd1 Rc8 33. Bd6 Bxd6 34.
Rxd6 Ng6 35. f4 Ne7 36. Rd7 Kf8 37. Rxa7 c4 38. b6 c3 39. Rc7 c2 40. b7 c1=Q+
41. Rxc1 0-1

[Event "Grand Prix Finals B"]
[Site "Winnipeg CAN"]
[Date "2006.11.07"]
[Round "1"]
[White "Prince, Colin"]
[Black "Van Wyk, Joseph"]
[Result "1/2-1/2"]
[WhiteElo "1763"]
[BlackElo "1810"]
[PlyCount "49"]
[EventDate "2006.11.07"]
[EventType "tourn"]
[EventRounds "6"]
[EventCountry "CAN"]

1. e4 e5 2. Nf3 Nc6 3. Bc4 Nf6 4. Ng5 d5 5. exd5 Na5 6. Bb5+ c6 7. dxc6 bxc6 8.
Be2 h6 9. Nf3 e4 10. Ne5 Bd6 11. f4 exf3 12. Nxf3 O-O 13. O-O c5 14. Nc3 Bb7
15. b3 Rb8 16. Bb2 Bf4 17. g3 Bxf3 18. Rxf3 Qd4+ 19. Kg2 Bg5 20. Na4 Qd5 21. c4
Qe4 22. Nxc5 Qe7 23. d4 Rfe8 24. Bd3 Ng4 25. Ne4 1/2-1/2

[Event "Grand Prix Finals B"]
[Site "Winnipeg CAN"]
[Date "2006.11.14"]
[Round "2"]
[White "Cleto, Sam"]
[Black "Van Wyk, Joseph"]
[Result "1/2-1/2"]
[WhiteElo "1846"]
[BlackElo "1810"]
[PlyCount "117"]
[EventDate "2006.11.07"]
[EventType "tourn"]
[EventRounds "6"]
[EventCountry "CAN"]

1. c4 c5 2. Nf3 Nc6 3. g3 e6 4. Nc3 Nf6 5. Bg2 d5 6. cxd5 exd5 7. d4 Be6 8. O-O
cxd4 9. Nxd4 Be7 10. h3 O-O 11. Be3 Qd7 12. Kh2 Ne5 13. Bf4 Ng6 14. Bg5 Rfd8
15. f4 Bf5 16. Bxf6 Bxf6 17. Nxd5 Bxd4 18. Qxd4 Bxh3 19. Rfd1 Bxg2 20. Kxg2 Qe6
21. f5 Qxe2+ 22. Kg1 Ne7 23. Re1 Rxd5 24. Rxe2 Rxd4 25. Rxe7 Rb4 26. Rae1 Kf8
27. R1e2 Rb8 28. a3 Rb5 29. g4 h5 30. a4 Rd5 31. f6 Rg5 32. Rc7 Rxg4+ 33. Kh2
Rf4 34. fxg7+ Kxg7 35. Ree7 Kg6 36. a5 Rf2+ 37. Kg3 Rxb2 38. Rxf7 Rb3+ 39. Kh4
Rb4+ 40. Kh3 Rb5 41. Rg7+ Kf5 42. Rgf7+ Ke4 43. Rfe7+ Kd4 44. a6 bxa6 45. Rxa7
a5 46. Rec7 Rb3+ 47. Kh4 R3b5 48. Rc2 Rg8 49. Ra2 Rg4+ 50. Kh3 Rgg5 51. Kh4 Kc3
52. Rf7 Rg4+ 53. Kh3 a4 54. Rf3+ Kb4 55. Re3 Rc5 56. Rb2+ Kc4 57. Ra3 Kd5 58.
Rf2 Rcc4 59. Rf5+ 1/2-1/2

[Event "Grand Prix Finals B"]
[Site "Winnipeg CAN"]
[Date "2006.11.14"]
[Round "2"]
[White "Greenberg, Harley"]
[Black "Prince, Colin"]
[Result "0-1"]
[WhiteElo "1772"]
[BlackElo "1763"]
[PlyCount "66"]
[EventDate "2006.11.07"]
[EventType "tourn"]
[EventRounds "6"]
[EventCountry "CAN"]

1. d4 c5 2. dxc5 Nc6 3. Nf3 e6 4. e4 Bxc5 5. Bc4 Nge7 6. Nc3 a6 7. a4 Ng6 8.
O-O h5 9. Ba2 h4 10. Ng5 h3 11. g3 b6 12. Ne2 Nge5 13. Nf4 f6 14. Nf3 Bb7 15.
Nd3 Nxf3+ 16. Qxf3 Nd4 17. Qg4 Qe7 18. Be3 f5 19. Qg6+ Kf8 20. Bxd4 Rh6 21. Ne5
Bxd4 22. Nxd7+ Qxd7 23. Qg5 Bxe4 24. c3 Bf6 25. Qe3 Qc6 26. f3 Bd5 27. c4 Bxc4
28. Rac1 b5 29. b3 Qd7 30. Rfd1 Bd5 31. Bb1 Qa7 32. Rc5 Be7 33. Rc8+ Rxc8 0-1

[Event "Grand Prix Finals B"]
[Site "Winnipeg CAN"]
[Date "2006.11.21"]
[Round "3"]
[White "Prince, Colin"]
[Black "Cleto, Sam"]
[Result "1/2-1/2"]
[WhiteElo "1763"]
[BlackElo "1846"]
[PlyCount "53"]
[EventDate "2006.11.07"]
[EventType "tourn"]
[EventRounds "6"]
[EventCountry "CAN"]

1. e4 c5 2. Nf3 d6 3. d4 cxd4 4. Nxd4 Nf6 5. Nc3 a6 6. Be2 e6 7. Be3 Nc6 8. f4
Bd7 9. O-O Be7 10. Bf3 O-O 11. Qe1 Nxd4 12. Bxd4 d5 13. exd5 exd5 14. Qg3 Ne8
15. Nxd5 Bh4 16. Bb6 Bxg3 17. Bxd8 Rxd8 18. hxg3 f6 19. Rad1 Nd6 20. Rfe1 Kf7
21. Re7+ Kg6 22. g4 f5 23. Ne3 Kf6 24. Re5 Be6 25. gxf5 Nxf5 26. Ng4+ Kf7 27.
Rde1 1/2-1/2

[Event "Grand Prix Finals B"]
[Site "Winnipeg CAN"]
[Date "2006.11.21"]
[Round "3"]
[White "Van Wyk, Joseph"]
[Black "Greenberg, Harley"]
[Result "1-0"]
[WhiteElo "1810"]
[BlackElo "1772"]
[PlyCount "107"]
[EventDate "2006.11.07"]
[EventType "tourn"]
[EventRounds "6"]
[EventCountry "CAN"]

1. e4 c5 2. c3 d5 3. exd5 Qxd5 4. d4 Nf6 5. Nf3 Nc6 6. Be3 Bg4 7. dxc5 Qxd1+ 8.
Kxd1 e5 9. Be2 Nd5 10. b4 O-O-O 11. Kc2 e4 12. Ng1 Nxe3+ 13. fxe3 Bxe2 14. Nxe2
Rd3 15. Nf4 Rd8 16. Nd2 g5 17. Nh3 Bg7 18. Nxe4 Be5 19. Nexg5 Rhg8 20. g3 f6
21. Nf7 Rd7 22. Nxe5 Nxe5 23. Nf4 Nc4 24. Rae1 Rgd8 25. Re2 Rd2+ 26. Kb3 Rxe2
27. Nxe2 Nxe3 28. Nd4 Ng4 29. Rf1 Rf8 30. h3 Ne5 31. Ne6 Rf7 32. Rd1 Nd7 33. b5
Re7 34. c6 bxc6 35. bxc6 Rxe6 36. cxd7+ Kd8 37. Rd3 Rb6+ 38. Kc2 Ra6 39. Kb2
Rb6+ 40. Ka1 Ra6 41. c4 Rc6 42. Rd4 a5 43. Kb2 Rc5 44. Kb3 Re5 45. Rd3 h5 46.
Ka4 Rc5 47. Rd4 f5 48. h4 Re5 49. Rd5 Re4 50. Kb5 f4 51. gxf4 Rxf4 52. c5 Rxh4
53. c6 Rh1 54. c7+ 1-0

[Event "Grand Prix Finals B"]
[Site "Winnipeg CAN"]
[Date "2006.11.28"]
[Round "4"]
[White "Cleto, Sam"]
[Black "Prince, Colin"]
[Result "1-0"]
[WhiteElo "1846"]
[BlackElo "1763"]
[PlyCount "71"]
[EventDate "2006.11.07"]
[EventType "tourn"]
[EventRounds "6"]
[EventCountry "CAN"]

1. Nf3 d5 2. d4 Bf5 3. Nh4 Bd7 4. g3 c5 5. Bg2 Bc6 6. O-O e6 7. Be3 Nd7 8. c4
Be7 9. cxd5 exd5 10. Nf5 Bf6 11. Nd6+ Kf8 12. Nc3 Ne7 13. dxc5 Ne5 14. Bd4 h5
15. f4 Nd7 16. b4 a6 17. a4 b5 18. axb5 axb5 19. Rxa8 Qxa8 20. e4 dxe4 21.
Ncxe4 Nd5 22. Bxf6 N7xf6 23. Nxf6 gxf6 24. Bxd5 Bxd5 25. Qd4 Qa2 26. Qf2 Qb3
27. Qd4 Qa2 28. Qf2 Qb3 29. Qe1 h4 30. Nf5 Qc2 31. Ne3 hxg3 32. Nxc2 Rxh2 33.
Qxg3 Rxc2 34. Rd1 Bc6 35. Rd8+ Ke7 36. Qe3+ 1-0

[Event "Grand Prix Finals B"]
[Site "Winnipeg CAN"]
[Date "2006.11.28"]
[Round "4"]
[White "Greenberg, Harley"]
[Black "Van Wyk, Joseph"]
[Result "0-1"]
[WhiteElo "1772"]
[BlackElo "1810"]
[PlyCount "66"]
[EventDate "2006.11.07"]
[EventType "tourn"]
[EventRounds "6"]
[EventCountry "CAN"]

1. e4 c6 2. d4 d5 3. exd5 cxd5 4. c4 e6 5. Nf3 Nc6 6. Nc3 Nf6 7. Bd3 Be7 8. a3
a6 9. O-O O-O 10. h3 dxc4 11. Bxc4 b5 12. Ba2 Bb7 13. Bf4 b4 14. axb4 Nxb4 15.
Be5 Rc8 16. Bb1 Qb6 17. Qe2 Rfd8 18. Ng5 h6 19. Bxf6 Bxf6 20. Nxf7 Kxf7 21.
Qh5+ Ke7 22. d5 Bxc3 23. dxe6 Rf8 24. bxc3 Qc6 25. Qg4 Qxc3 26. Be4 Bxe4 27.
Qxe4 Rxf2 28. Qh4+ Rf6 29. Rad1 Rc7 30. Rf3 Qc5+ 31. Kh1 g5 32. Qg4 Rxe6 33.
Qh5 Nd5 0-1

[Event "Grand Prix Finals B"]
[Site "Winnipeg CAN"]
[Date "2006.12.05"]
[Round "5"]
[White "Prince, Colin"]
[Black "Greenberg, Harley"]
[Result "1/2-1/2"]
[WhiteElo "1763"]
[BlackElo "1772"]
[PlyCount "67"]
[EventDate "2006.11.07"]
[EventType "tourn"]
[EventRounds "6"]
[EventCountry "CAN"]

1. e4 c5 2. Nf3 Nc6 3. d4 cxd4 4. Nxd4 Nf6 5. Nc3 e5 6. Ndb5 d6 7. Nd5 Nxd5 8.
exd5 Nb8 9. c4 Be7 10. Bd3 a6 11. Nc3 Nd7 12. O-O O-O 13. f4 f5 14. Ne2 e4 15.
Bc2 Bf6 16. Rb1 b5 17. b3 bxc4 18. bxc4 Nc5 19. Be3 Qc7 20. Nd4 Bd7 21. h3 Rab8
22. Qe2 Rfe8 23. g4 g6 24. gxf5 Bxf5 25. Nxf5 gxf5 26. Qh5 Qd7 27. Kh2 Kh8 28.
Rg1 Rg8 29. Rg5 Rxb1 30. Bxb1 Bxg5 31. Bd4+ Rg7 32. Qxg5 Kg8 33. Bxg7 Qxg7 34.
Qd8+ 1/2-1/2

[Event "Grand Prix Finals B"]
[Site "Winnipeg CAN"]
[Date "2006.12.05"]
[Round "5"]
[White "Van Wyk, Joseph"]
[Black "Cleto, Sam"]
[Result "1-0"]
[WhiteElo "1810"]
[BlackElo "1846"]
[PlyCount "69"]
[EventDate "2006.11.07"]
[EventType "tourn"]
[EventRounds "6"]
[EventCountry "CAN"]

1. e4 d6 2. d4 g6 3. Nf3 Bg7 4. Bc4 Nf6 5. Nbd2 O-O 6. O-O Nbd7 7. e5 dxe5 8.
dxe5 Ng4 9. e6 Nde5 10. exf7+ Kh8 11. h3 Nxc4 12. Nxc4 Be6 13. Qe2 Bxc4 14.
Qxc4 Nf6 15. Ng5 Qd5 16. Qxc7 h6 17. c4 Qf5 18. Nf3 Ne4 19. Qxb7 Nc5 20. Qd5 e6
21. Qxf5 gxf5 22. Be3 Nd3 23. Rab1 Rxf7 24. b3 e5 25. Rfd1 e4 26. Ne1 f4 27.
Bc1 Ne5 28. Bb2 Rg8 29. Rd5 Rf5 30. Kf1 Rg5 31. Rbd1 Bf6 32. Rd6 Bg7 33. Re6 e3
34. Nf3 Nxf3 35. Rxh6# 1-0

[Event "Grand Prix Finals B"]
[Site "Winnipeg CAN"]
[Date "2006.12.12"]
[Round "6"]
[White "Cleto, Sam"]
[Black "Greenberg, Harley"]
[Result "0-1"]
[WhiteElo "1846"]
[BlackElo "1772"]
[PlyCount "62"]
[EventDate "2006.11.07"]
[EventType "tourn"]
[EventRounds "6"]
[EventCountry "CAN"]

1. Nf3 Nf6 2. d4 g6 3. c4 Bg7 4. Nc3 O-O 5. e4 d6 6. h3 e5 7. Be3 exd4 8. Bxd4
Nc6 9. Be3 Re8 10. Bd3 b6 11. Rc1 Bb7 12. a3 Qe7 13. O-O Nb8 14. Nd2 Nbd7 15.
b4 Ne5 16. Be2 a5 17. Nd5 Nxd5 18. cxd5 axb4 19. axb4 Ra3 20. Qc2 Rc8 21. Nb1
Ra1 22. Nc3 Rxc1 23. Rxc1 c5 24. bxc5 bxc5 25. Rb1 c4 26. f4 Nd3 27. Bf3 f5 28.
e5 dxe5 29. fxe5 Qxe5 30. Ba7 Ra8 31. Rxb7 Qe1+ 0-1

[Event "Grand Prix Finals B"]
[Site "Winnipeg CAN"]
[Date "2006.12.12"]
[Round "6"]
[White "Van Wyk, Joseph"]
[Black "Prince, Colin"]
[Result "0-1"]
[WhiteElo "1810"]
[BlackElo "1763"]
[PlyCount "42"]
[EventDate "2006.11.07"]
[EventType "tourn"]
[EventRounds "6"]
[EventCountry "CAN"]

1. e4 d6 2. d4 g6 3. Nf3 Nf6 4. Nc3 Bg7 5. Bc4 O-O 6. O-O c5 7. dxc5 dxc5 8.
Qe2 Nc6 9. Be3 Nd4 10. Bxd4 cxd4 11. Rad1 Bg4 12. e5 Nh5 13. e6 f5 14. Nd5 Rc8
15. Bb3 Rc5 16. h3 Rxd5 17. Bxd5 Qxd5 18. hxg4 Nf4 19. Qd2 fxg4 20. Ne1 Bh6 21.
c4 Qe5 0-1

[Event "Grand Prix Finals C"]
[Site "Winnipeg CAN"]
[Date "2006.11.07"]
[Round "1"]
[White "Green, Jim"]
[Black "Kwiatek, Jordan"]
[Result "0-1"]
[WhiteElo "1765"]
[BlackElo "1897"]
[PlyCount "65"]
[EventDate "2006.11.07"]
[EventType "tourn"]
[EventRounds "6"]
[EventCountry "CAN"]

1. e4 c5 2. Nf3 d6 3. Bb5+ Nd7 4. O-O g6 5. Re1 e5 6. Bd3 Bg7 7. c4 Ne7 8. Nc3
O-O 9. Bc2 f5 10. exf5 Nxf5 11. Be4 Nf6 12. d3 Nxe4 13. Nxe4 Nd4 14. Nxd4 cxd4
15. Bg5 Qd7 16. b4 b6 17. c5 bxc5 18. bxc5 d5 19. Nd6 Qc6 20. Be7 Rf4 21. g3
Bg4 22. Qc2 Rf3 23. Rab1 e4 24. dxe4 d3 25. Qd2 Bd4 26. Re3 Bxe3 27. fxe3 dxe4
28. Qc3 Bh3 29. Qc4+ Kg7 30. Qd4+ Kh6 31. Nxe4 Rf5 32. Bd6 Re8 33. g4 0-1

[Event "Grand Prix Finals C"]
[Site "Winnipeg CAN"]
[Date "2006.11.07"]
[Round "1"]
[White "Oberton, Daniel"]
[Black "Rumpel, Chris"]
[Result "1/2-1/2"]
[WhiteElo "1878"]
[BlackElo "1660"]
[PlyCount "50"]
[EventDate "2006.11.07"]
[EventType "tourn"]
[EventRounds "6"]
[EventCountry "CAN"]

1. e4 e6 2. Nf3 d5 3. e5 c5 4. b4 c4 5. a3 a5 6. b5 Qb6 7. a4 Bc5 8. Qe2 Ne7 9.
Ba3 Nd7 10. d3 Nf5 11. Bxc5 Qxc5 12. dxc4 Nd4 13. Nxd4 Qxd4 14. c3 Qxe5 15.
Qxe5 Nxe5 16. cxd5 exd5 17. Be2 Bf5 18. O-O O-O 19. f4 Nc4 20. Rd1 Rad8 21. Na3
Nb6 22. Rd4 Rfe8 23. Kf2 Be4 24. Bf3 f5 25. Rad1 Rc8 1/2-1/2

[Event "Grand Prix Finals C"]
[Site "Winnipeg CAN"]
[Date "2006.11.14"]
[Round "2"]
[White "Oberton, Daniel"]
[Black "Green, Jim"]
[Result "1/2-1/2"]
[WhiteElo "1878"]
[BlackElo "1765"]
[PlyCount "82"]
[EventDate "2006.11.07"]
[EventType "tourn"]
[EventRounds "6"]
[EventCountry "CAN"]

1. e4 c6 2. d4 d5 3. exd5 cxd5 4. c4 Nf6 5. Nf3 e6 6. Bd3 dxc4 7. Bxc4 Bd7 8.
Nc3 Be7 9. d5 exd5 10. Nxd5 Bc6 11. Nxf6+ Bxf6 12. Qxd8+ Bxd8 13. Ne5 O-O 14.
Nxc6 Nxc6 15. O-O Bf6 16. Rb1 Rad8 17. Be3 Bd4 18. Bxd4 Rxd4 19. Bb3 Na5 20.
Bc2 Rfd8 21. Rfd1 Nc4 22. Rxd4 Rxd4 23. Bb3 g6 24. Rc1 Na5 25. Rc8+ Kg7 26. Bc2
Rd2 27. Kf1 Rd7 28. Ke2 Nc6 29. Ba4 b5 30. Rxc6 bxa4 31. Rc2 Kf6 32. Rd2 Rb7
33. Kd3 a5 34. Re2 h5 35. Kc4 Kf5 36. b3 axb3 37. axb3 Rb4+ 38. Kc3 Rb5 39. Re7
f6 40. Ra7 g5 41. Ra6 Ke5 1/2-1/2

[Event "Grand Prix Finals C"]
[Site "Winnipeg CAN"]
[Date "2006.11.14"]
[Round "2"]
[White "Rumpel, Chris"]
[Black "Kwiatek, Jordan"]
[Result "0-1"]
[WhiteElo "1660"]
[BlackElo "1897"]
[PlyCount "68"]
[EventDate "2006.11.07"]
[EventType "tourn"]
[EventRounds "6"]
[EventCountry "CAN"]

1. d4 Nf6 2. Nf3 g6 3. c4 Bg7 4. Nc3 O-O 5. e4 d6 6. Be2 Na6 7. O-O c5 8. d5 e5
9. Ne1 Nd7 10. f4 exf4 11. Bxf4 Qe7 12. Nf3 Nc7 13. Qd2 Re8 14. Rae1 h6 15. e5
Nxe5 16. Nxe5 Bxe5 17. Bxe5 Qxe5 18. Bg4 Qd4+ 19. Qxd4 cxd4 20. Ne4 Bxg4 21.
Nf6+ Kg7 22. Rxe8 Nxe8 23. Nxg4 f5 24. Nf2 Nf6 25. Rd1 Re8 26. Kf1 b5 27. b3
bxc4 28. bxc4 Rb8 29. Ke2 Rb2+ 30. Rd2 Rxd2+ 31. Kxd2 Ne4+ 32. Ke2 Nxf2 33.
Kxf2 Kf6 34. Ke2 g5 0-1

[Event "Grand Prix Finals C"]
[Site "Winnipeg CAN"]
[Date "2006.11.21"]
[Round "3"]
[White "Green, Jim"]
[Black "Rumpel, Chris"]
[Result "0-1"]
[WhiteElo "1765"]
[BlackElo "1660"]
[PlyCount "54"]
[EventDate "2006.11.07"]
[EventType "tourn"]
[EventRounds "6"]
[EventCountry "CAN"]

1. e4 e6 2. d3 d5 3. Nd2 c5 4. Ngf3 Nc6 5. g3 Bd6 6. Bg2 Nge7 7. O-O Qc7 8. Re1
b6 9. c3 O-O 10. Nf1 a5 11. h4 a4 12. a3 b5 13. Qe2 Ba6 14. e5 Nxe5 15. Nxe5 b4
16. Nf3 Nc6 17. N1d2 Rae8 18. axb4 cxb4 19. c4 dxc4 20. dxc4 Ra8 21. Qe4 Bb7
22. Ng5 g6 23. Nxe6 fxe6 24. Qxe6+ Rf7 25. Bd5 Nd4 26. Qg4 Nc2 27. Bxb7 Nxe1
0-1

[Event "Grand Prix Finals C"]
[Site "Winnipeg CAN"]
[Date "2006.11.28"]
[Round "4"]
[White "Oberton, Daniel"]
[Black "Kwiatek, Jordan"]
[Result "1/2-1/2"]
[WhiteElo "1878"]
[BlackElo "1897"]
[PlyCount "66"]
[EventDate "2006.11.07"]
[EventType "tourn"]
[EventRounds "6"]
[EventCountry "CAN"]

1. e4 c5 2. Nf3 d6 3. d4 cxd4 4. Nxd4 Nf6 5. Nc3 g6 6. Be3 Bg7 7. f3 O-O 8. Qd2
Nc6 9. O-O-O d5 10. Nxc6 bxc6 11. exd5 Nxd5 12. Nxd5 cxd5 13. Qxd5 Qc7 14. Qc5
Qb7 15. Qb5 Qc7 16. Qc5 Qb7 17. Qb5 Qxb5 18. Bxb5 Rb8 19. Bc4 Bxb2+ 20. Kd2 Bf5
21. Bb3 a5 22. g4 Bd7 23. Ke2 Bc6 24. Bd5 Ba4 25. Bb3 Bb5+ 26. c4 Ba6 27. Rd2
a4 28. Rxb2 axb3 29. Rc1 Rb4 30. axb3 Rfb8 31. Ra2 Bc8 32. Rc3 Be6 33. Ra7 Rxb3
1/2-1/2

[Event "Grand Prix Finals C"]
[Site "Winnipeg CAN"]
[Date "2006.11.28"]
[Round "4"]
[White "Rumpel, Chris"]
[Black "Green, Jim"]
[Result "1/2-1/2"]
[WhiteElo "1660"]
[BlackElo "1765"]
[PlyCount "60"]
[EventDate "2006.11.07"]
[EventType "tourn"]
[EventRounds "6"]
[EventCountry "CAN"]

1. d4 d5 2. c4 c6 3. Nf3 Nf6 4. Nc3 a6 5. e3 Bg4 6. Qb3 Ra7 7. Ne5 e6 8. cxd5
exd5 9. Nxg4 Nxg4 10. Be2 Nf6 11. O-O Bd6 12. Bf3 Qc7 13. g3 O-O 14. e4 dxe4
15. Nxe4 Nxe4 16. Bxe4 Nd7 17. Be3 Raa8 18. Rac1 Nf6 19. Bf3 Qd7 20. Rfd1 Qf5
21. Kg2 Rab8 22. d5 cxd5 23. Bxd5 Nxd5 24. Qxd5 Qxd5+ 25. Rxd5 Rbd8 26. Bb6 Bc7
27. Rxd8 Bxd8 28. Bxd8 Rxd8 29. Rc7 Rb8 30. Kf3 g6 1/2-1/2

[Event "Grand Prix Finals C"]
[Site "Winnipeg CAN"]
[Date "2006.12.05"]
[Round "5"]
[White "Green, Jim"]
[Black "Oberton, Daniel"]
[Result "0-1"]
[WhiteElo "1765"]
[BlackElo "1878"]
[PlyCount "79"]
[EventDate "2006.11.07"]
[EventType "tourn"]
[EventRounds "6"]
[EventCountry "CAN"]

1. e4 c5 2. Nf3 d6 3. Bb5+ Bd7 4. Bxd7+ Nxd7 5. c4 g6 6. O-O Bg7 7. Nc3 e5 8.
d3 Nh6 9. Ng5 O-O 10. Nd5 Nb6 11. Rb1 Nxd5 12. cxd5 a5 13. h3 Kh8 14. f4 exf4
15. Bxf4 Bf6 16. Qd2 Ng8 17. e5 dxe5 18. Bxe5 Bxe5 19. Rxf7 Nf6 20. Ne6 Rxf7
21. Nxd8 Rxd8 22. Qxa5 Rxd5 23. Qb5 Rfd7 24. Re1 Bd4+ 25. Kh1 Rf5 26. b4 Rfd5
27. bxc5 Bxc5 28. Rf1 Nh5 29. Rf3 Kg7 30. Qb2+ Bd4 31. Qb4 Nf6 32. g4 Rc5 33.
Qa4 Rc1+ 34. Kg2 Rd6 35. g5 Nd7 36. h4 Rg1+ 37. Kh2 Ne5 38. Rf4 Ng4+ 39. Kh3
Be5 40. Rf3 0-1

[Event "Grand Prix Finals C"]
[Site "Winnipeg CAN"]
[Date "2006.12.05"]
[Round "5"]
[White "Kwiatek, Jordan"]
[Black "Rumpel, Chris"]
[Result "1-0"]
[WhiteElo "1897"]
[BlackElo "1660"]
[PlyCount "33"]
[EventDate "2006.11.07"]
[EventType "tourn"]
[EventRounds "6"]
[EventCountry "CAN"]

1. d4 d5 2. c4 e6 3. Nc3 Nf6 4. Bg5 Be7 5. cxd5 exd5 6. Qc2 O-O 7. e3 c6 8. Bd3
Nbd7 9. Nge2 a6 10. O-O b5 11. f3 c5 12. dxc5 Nxc5 13. Bxf6 Nxd3 14. Bxe7 Qxe7
15. Qxd3 Bb7 16. Nd4 f5 17. Nxf5 1-0

[Event "Grand Prix Finals C"]
[Site "Winnipeg CAN"]
[Date "2006.12.12"]
[Round "6"]
[White "Kwiatek, Jordan"]
[Black "Green, Jim"]
[Result "1-0"]
[WhiteElo "1897"]
[BlackElo "1765"]
[PlyCount "63"]
[EventDate "2006.11.07"]
[EventType "tourn"]
[EventRounds "6"]
[EventCountry "CAN"]

1. e4 c6 2. d4 d5 3. f3 dxe4 4. fxe4 Nf6 5. Nc3 Bg4 6. Qd3 Na6 7. Bf4 Qb6 8.
Nf3 Bxf3 9. gxf3 e6 10. O-O-O Rd8 11. Rg1 Nh5 12. Be3 Qc7 13. Qe2 Nf4 14. Qf2
b5 15. Qg3 Ng6 16. f4 Bd6 17. e5 Be7 18. Bh3 b4 19. Ne4 c5 20. f5 exf5 21. Bxf5
O-O 22. Qg4 cxd4 23. Bxd4 Nc5 24. Nd6 Bxd6 25. exd6 Rxd6 26. h4 Rc6 27. h5 Qf4+
28. Qxf4 Nxf4 29. Rxg7+ Kh8 30. Rg4+ f6 31. Rxf4 Na6 32. Rg1 1-0

[Event "Grand Prix Finals C"]
[Site "Winnipeg CAN"]
[Date "2006.12.12"]
[Round "6"]
[White "Rumpel, Chris"]
[Black "Oberton, Daniel"]
[Result "0-1"]
[WhiteElo "1660"]
[BlackElo "1878"]
[PlyCount "52"]
[EventDate "2006.11.07"]
[EventType "tourn"]
[EventRounds "6"]
[EventCountry "CAN"]

1. d4 Nf6 2. c4 g6 3. Nc3 Bg7 4. e4 d6 5. f4 O-O 6. Nf3 c5 7. d5 e6 8. Be2 exd5
9. cxd5 Re8 10. e5 Ng4 11. h3 Nh6 12. O-O Nf5 13. g4 Nd4 14. Bc4 dxe5 15. fxe5
Nxf3+ 16. Qxf3 Rf8 17. e6 fxe6 18. dxe6 Qd4+ 19. Be3 Qxc4 20. e7 Re8 21. Ne4
Be6 22. Nf6+ Bxf6 23. Qxf6 Nd7 24. Qh4 Qe4 25. Rae1 Bd5 26. Qf2 Qh1# 0-1

[Event "Grand Prix Finals D"]
[Site "Winnipeg CAN"]
[Date "2006.11.07"]
[Round "1"]
[White "Anderson, George"]
[Black "Gibbons, Lorne"]
[Result "0-1"]
[WhiteElo "1464"]
[BlackElo "1275"]
[PlyCount "106"]
[EventDate "2006.11.07"]
[EventType "tourn"]
[EventRounds "6"]
[EventCountry "CAN"]

1. e4 e5 2. Nf3 Nc6 3. d4 exd4 4. c3 dxc3 5. Bc4 Na5 6. Qd5 Nxc4 7. Qxc4 cxb2
8. Bxb2 d6 9. O-O Be6 10. Qa4+ Qd7 11. Qb4 c5 12. Qd2 f6 13. Nc3 Nh6 14. Rfe1
Nf7 15. Nd5 Be7 16. Qf4 Ne5 17. Qg3 g6 18. Re2 Bxd5 19. exd5 O-O-O 20. Rb1 Qf5
21. Rbe1 Rd7 22. Nxe5 dxe5 23. Qb3 Rhd8 24. Rd1 Qe6 25. Red2 Qf7 26. Ba3 b6 27.
g3 f5 28. Qf3 e4 29. Qb3 Bf6 30. Qc4 Kb7 31. Qb3 Bd4 32. Bb2 Qxd5 33. Rxd4 cxd4
34. Rxd4 Qxb3 35. Rxd7+ Rxd7 36. axb3 Rd3 37. Kf1 Rxb3 38. Bd4 Rd3 39. Be3 a5
40. Ke2 a4 41. g4 a3 42. Bc1 a2 43. Bb2 Rb3 44. Ba1 Rb1 45. Bf6 a1=Q 46. Bxa1
Rxa1 47. h4 f4 48. f3 Ra2+ 49. Kf1 e3 50. h5 g5 51. Ke1 Rf2 52. Kd1 Rxf3 53.
Ke2 Rg3 0-1

[Event "Grand Prix Finals D"]
[Site "Winnipeg CAN"]
[Date "2006.11.07"]
[Round "1"]
[White "Booth, Kevin"]
[Black "Wasserman, Leor"]
[Result "1/2-1/2"]
[WhiteElo "1570"]
[BlackElo "1338"]
[PlyCount "93"]
[EventDate "2006.11.07"]
[EventType "tourn"]
[EventRounds "6"]
[EventCountry "CAN"]

1. d4 d5 2. c4 e6 3. Nc3 Nf6 4. Nf3 c5 5. cxd5 exd5 6. Bg5 Be6 7. e3 Nc6 8. Qa4
a6 9. Ne5 Rc8 10. Nxc6 Rxc6 11. Bxa6 Bd7 12. Bb5 Rc7 13. Nxd5 Bxb5 14. Qxb5+
Rc6 15. Nxf6+ gxf6 16. Bf4 cxd4 17. O-O Bg7 18. exd4 O-O 19. Qxb7 Rb6 20. Qe4
Rxb2 21. d5 Re8 22. Qf3 f5 23. Qg3 Qxd5 24. Bh6 Qd4 25. Rad1 Qf6 26. Rd6 Qe5
27. Qxg7+ Qxg7 28. Bxg7 Kxg7 29. Rd5 Kg6 30. Ra5 Ree2 31. a4 Ra2 32. Ra6+ Kg7
33. Ra8 Ra3 34. g3 Rea2 35. Ra5 Kg6 36. Rd1 Rxa4 37. Rd6+ f6 38. Rxa4 Rxa4 39.
Kg2 h5 40. f4 h4 41. Kh3 hxg3 42. hxg3 Ra2 43. Rd1 Rb2 44. Rg1 Rf2 45. Rg2 Rf3
46. Re2 Rb3 47. Kh4 1/2-1/2